[Event "1st Gujarat GM Open 2018"]
[Site "Ahmedabad"]
[Date "2018.10.06"]
[Round "2"]
[White "Shyam Prasad Reddy K"]
[Black "Bharath Subramaniyam H"]
[Result "1-0"]
[WhiteElo "2014"]
[BlackElo "2276"]
[Annotator "TA"]
[PlyCount "81"]
[EventDate "2018.10.05"]
[EventType "swiss"]
[EventCountry "IND"]
[SourceTitle "playchess.com"]
[Source "ChessBase"]
[SourceQuality "1"]

{[%evp 20,80,42,39,52,21,51,50,50,51,61,49,79,23,64,70,64,62,108,45,52,39,39,39,63,47,50,49,39,39,111,44,195,156,159,147,284,279,295,294,1354,1316,1268,602,559,465,462,441,778,746,611,609,592,575,853,781,788,787,29988,752,725,681,29999]} 1. e4 c5 2. Nf3 e6 3. d4 cxd4 4. Nxd4 a6 5. Bd3 Nf6 6. O-O Qc7 7. Qe2 d6 8. c4 Be7 9. Nc3 O-O 10. f4 Nbd7 11. Kh1 Re8 {B42: Sicilian: Kan Variation: 5 Bd3} 12. Bd2 b6 13. Rae1 Bb7 {White is slightly better.} 14. Nf3 g6 15. Ng5 {[#]} h6 $146 ({Predecessor:} 15... Rad8 16. Bb1 Nh5 17. Nf3 Bf8 18. Rc1 Qb8 {0-1 (43) Kosteniuk,A (2508)-Koneru,H (2503) Mallorca 2004}) 16. Nf3 ({Better is} 16. Nxf7 $1 $16 Kxf7 17. e5) 16... Bf8 17. e5 Nh5 18. Nh4 Ng7 {[#]} 19. Qg4 (19. Nxg6 $1 $16 fxg6 20. Bxg6) 19... dxe5 $14 {[#] Threatens to win with ...Rad8.} 20. Nxg6 $1 {[%cal Rf4e5][%mdl 512]} e4 (20... fxg6 21. Qxg6) 21. Nxf8 (21. Bxe4 Nf6 $15) (21. Nxe4 f5 $15) 21... exd3 {[#]} 22. Nd5 $1 {[%mdl 512]} exd5 (22... Bxd5 23. Bc3) 23. Nxd7 {And now Bc3 would win.} Qd6 {aiming for ...f5.} 24. Ne5 d4 ({Black should try} 24... dxc4 $14 25. Bc3 (25. Nxc4 Qg6 $14) 25... h5 26. Nxc4 hxg4 27. Nxd6 Rxe1 28. Rxe1 Bd5) 25. f5 $40 {[%mdl 128] Black needs to defend precisely.} (25. Qg3 $16) 25... Bc8 $2 (25... h5 $14 26. Qf4 f6 27. Nxd3 Qxf4 28. Rxf4 Rad8) 26. Qe4 Bxf5 27. Rxf5 Nxf5 (27... f6 $16) 28. Qxf5 $18 Ra7 {Black hopes to continue with ...Rae7.} 29. Re4 (29. Qxd3 Rae7 $18) 29... Kf8 $2 (29... Qe6 30. Qf1 f5) 30. Qh7 {Nd7+! would kill now.} Re6 31. Ng6+ (31. Qh8+ $142 Ke7 {[#]} 32. Bxh6 $1 {[%mdl 512]} Rxh6 33. Ng6+ Kd7 34. Qe8+ (34. Qxh6 fxg6 35. Qh3+ Kc7 $18) 34... Kc7 35. Re7+ Qxe7 36. Qxe7+ Kc8 37. Qf8+ Kb7 38. Qxf7+ Kc6 39. Qd5+ Kc7 40. Qe5+ Kc6 41. Qe6+ Kc7 42. Qe7+ Kc8 43. Qf8+ Kb7 44. Qxh6) 31... fxg6 32. Rxe6 Qxe6 33. Qxa7 Qe2 (33... g5 $142 34. h4 Qe2 35. Bb4+ (35. Qxb6 Qxd2 36. Qxh6+ Kf7 $11) (35. hxg5 Qd1+ 36. Kh2 Qxd2 $11) 35... Kg8 36. Qb8+ Kg7 37. Qc7+ (37. Qxb6 Qf1+ 38. Kh2 Qf4+ 39. Kg1 Qc1+ 40. Kh2 Qf4+ 41. g3 Qf2+ 42. Kh1 Qf1+ 43. Kh2 Qf2+ 44. Kh3 Qf5+ 45. g4 Qf3+ 46. Kh2 Qf2+ 47. Kh3 Qf3+ 48. Kh2 Qf2+ 49. Kh1 Qxh4+ 50. Kg2 Qxg4+ 51. Kh2 Qf4+ 52. Kg1 d2 $11) 37... Kg8 38. Qd8+ Kf7 39. Qxd4 a5) 34. Bxh6+ Ke8 35. Qb8+ Kd7 {[%cal Re2f1]} 36. Qb7+ Ke6 {[%cal Re2f1]} 37. Qd5+ Ke7 38. Bg5+ Ke8 39. Qc6+ (39. Qg8+ $142 Kd7 40. Qd8+ Kc6 41. Qd5+ Kc7 42. Bf4+ Kc8 43. Qc6+ Kd8 44. Bg5+ Qe7 45. Qd6+ Kc8 46. Bxe7) 39... Kf7 40. Qf3+ Ke6 {White must now prevent ...Qe1+.} 41. Qd5# {Precision: White = 48%, Black = 28%.} 1-0

[Event "1st Gujarat GM Open 2018"]
[Site "Ahmedabad"]
[Date "2018.10.06"]
[Round "2"]
[White "Shiva Pavan Teja Sharma U"]
[Black "Kunal, M.."]
[Result "0-1"]
[WhiteElo "2005"]
[BlackElo "2270"]
[Annotator "TA"]
[PlyCount "97"]
[EventDate "2018.10.05"]
[EventType "swiss"]
[EventCountry "IND"]
[SourceTitle "playchess.com"]
[Source "ChessBase"]
[SourceQuality "1"]

{[%evp 16,97,32,0,0,-21,-24,-21,0,0,-4,-17,-20,-32,-18,-24,0,-47,-31,-37,-29,-40,-47,-40,-39,-48,-40,-41,-33,-27,0,0,0,0,0,0,0,-11,0,-22,-14,-19,-19,-19,-22,-12,-19,-16,7,0,0,0,35,0,22,-15,27,-72,-73,-75,-4,-14,0,-8,0,0,0,-37,-44,-179,-175,-279,-277,-272,-276,-259,-259,-393,-393,-415,-417,-509,-512,-575]} 1. e4 e5 2. Nf3 Nc6 3. Bb5 a6 4. Ba4 Nf6 5. O-O Be7 6. Re1 b5 7. Bb3 O-O 8. h3 Bb7 9. c3 d5 {C88: Closed Ruy Lopez: Anti-Marshall Systems} 10. d3 (10. d4 dxe4 11. Nxe5 Nxe5 12. dxe5 Nd7 13. Bf4 Nc5 14. Bc2 Nd3 15. Bxd3 exd3 16. Nd2 Qd5 17. Qg4 {1-0 (45) Steinberg,N (2518)-Kovalev,V (2650) Batumi 2018}) 10... dxe4 11. dxe4 Qxd1 {The position is equal.} (11... Na5 {is interesting.} 12. Qxd8 Rfxd8 13. Bc2 Nd7 14. Nbd2 Bc6) 12. Bxd1 Rfd8 13. Nbd2 $146 ({Predecessor:} 13. Bb3 Na5 14. Bc2 Nd7 15. Nbd2 c5 16. Nf1 f6 17. Ne3 Nb6 18. Kh2 Bc8 19. Nf5 Bf8 20. g4 Nbc4 21. b3 Nd6 22. Be3 Nf7 23. a4 Be6 24. Reb1 g6 25. Ng3 b4 26. c4 Nc6 {0-1 (26) Ciuksyte,D (2354)-Hebden,M (2490) Douglas 2015}) 13... Nd7 {[%cal Bf6d7,Bd7b6,Bb6a4][%mdl 32]} 14. Nb3 Nb6 15. Be2 Na4 16. Nfd2 {[%cal Bf3d2,Bd2f1,Bf1e3,Be3f5][%mdl 32]} Bc8 17. Nf1 Be6 18. Ne3 Nb6 19. Nf5 Bf8 20. Be3 Nc4 21. Bxc4 bxc4 22. Nc5 Bxc5 23. Bxc5 Rd2 24. Ba3 g6 25. Ne3 Rad8 26. Red1 f5 27. exf5 gxf5 28. Rxd2 Rxd2 29. Rd1 Rd3 30. Rxd3 cxd3 $11 {[%mdl 4096] Endgame KBN-KBN} 31. b3 e4 32. Nf1 Kf7 33. Bc1 Ne7 34. Bf4 c6 35. Nd2 Kf6 36. g3 (36. c4 $11 {remains equal.}) 36... Nd5 $17 37. Be3 Bf7 ({Black should try} 37... Nxe3 $17 38. fxe3 Kg5) 38. Bd4+ $11 Ke6 39. Kf1 Bh5 40. Ke1 Bg6 41. Nc4 f4 {[%cal Bf5f4,Bf4g3,Bg3g2][%mdl 32]} 42. Kd2 {[#]} (42. g4 $15) 42... e3+ $1 $19 {[%mdl 512]} 43. fxe3 (43. Nxe3 $142 fxe3+ 44. Bxe3) 43... fxg3 44. Be5 g2 45. Bh2 {[#]} Nf6 $1 46. Ke1 (46. h4 $142) 46... Ne4 47. Nd2 Nxc3 48. a3 Ne4 49. Nxe4 {Precision: White = 38%, Black = 53%.} 0-1

[Event "1st Gujarat GM Open 2018"]
[Site "Ahmedabad"]
[Date "2018.10.06"]
[Round "2"]
[White "Suvradeepta, Das"]
[Black "Deshmukh, Anup"]
[Result "0-1"]
[WhiteElo "2005"]
[BlackElo "2267"]
[Annotator "NA"]
[PlyCount "54"]
[EventDate "2018.10.05"]
[EventType "swiss"]
[EventCountry "IND"]
[SourceTitle "playchess.com"]
[Source "ChessBase"]
[SourceQuality "1"]
[TimeControl "5400+30"]

1. c4 {[%emt 0:00:00]} Nf6 {[%emt 0:00:00]} 2. Nc3 {[%emt 0:00:00]} e6 {[%emt 0:01:01]} 3. e4 {[%emt 0:00:00]} e5 {[%emt 0:00:52]} 4. Nf3 {[%emt 0:00:45]} Nc6 {[%emt 0:00:26]} 5. Be2 {[%emt 0:01:54]} d6 {[%emt 0:02:33]} 6. O-O {[%emt 0:00:22]} Nd4 {[%emt 0:00:50]} 7. Nxd4 {[%emt 0:08:22]} exd4 {[%emt 0:00:11]} 8. Nd5 {[%emt 0:01:30]} Nxe4 {[%emt 0:09:16]} 9. Re1 {[%emt 0:05:29]} c6 {[%emt 0:17:49]} 10. Bf3 {[%emt 0:08:43]} cxd5 {[%emt 0:00:30]} 11. cxd5 {[%emt 0:00:10]} Be7 {[%emt 0:01:12]} 12. Bxe4 {[%emt 0:06:54]} O-O {[%emt 0:00:41]} 13. d3 {[%emt 0:00:44]} f5 {[%emt 0:05:12]} 14. Bf3 {[%emt 0:00:06]} Bf6 {[%emt 0:01:19]} 15. Bd2 {[%emt 0:03:50]} Bd7 {[%emt 0:06:09]} 16. Qb3 {[%emt 0:22:23]} Be5 {[%emt 0:02:57]} 17. Rac1 {[%emt 0:02:53]} Rb8 {[%emt 0:06:34]} 18. Qa3 {[%emt 0:05:13]} a6 {[%emt 0:07:13]} 19. Bb4 {[%emt 0:10:47]} Qf6 {[%emt 0:03:48]} 20. Rc7 {[%emt 0:02:31]} Rf7 {[%emt 0:02:10]} 21. Ba5 {[%emt 0:06:22]} g5 {[%emt 0:03:47]} 22. Bb6 {[%emt 0:01:51]} g4 {[%emt 0:03:30]} 23. Bd1 {[%emt 0:01:06]} Re8 {[%emt 0:02:59]} 24. Rf1 {[%emt 0:03:16]} Bxh2+ {[%emt 0:03:20]} 25. Kxh2 {[%emt 0:00:13]} Qh4+ {[%emt 0:00:04]} 26. Kg1 {[%emt 0:00:07]} Rf6 {[%emt 0:00:15]} 27. Bxg4 {[%emt 0:07:00]} fxg4 {[%emt 0:00:25]} 0-1

[Event "1st Gujarat GM Open 2018"]
[Site "Ahmedabad"]
[Date "2018.10.06"]
[Round "2"]
[White "Choubey Saurabh"]
[Black "Pranav Vijay"]
[Result "0-1"]
[WhiteElo "1888"]
[BlackElo "2265"]
[Annotator "TA"]
[PlyCount "40"]
[EventDate "2018.10.05"]
[EventType "swiss"]
[EventCountry "IND"]
[SourceTitle "playchess.com"]
[Source "ChessBase"]
[SourceQuality "1"]

{[%evp 19,40,-12,-11,-117,-152,-211,-199,-289,-276,-290,-279,-506,-489,-489,-520,-515,-509,-486,-497,-529,-511,-597,-595]} 1. d4 Nf6 2. Nf3 e6 3. g3 c5 4. Bg2 cxd4 5. Nxd4 Nc6 6. O-O Bc5 7. Nxc6 bxc6 8. c4 d5 9. Nc3 O-O 10. cxd5 cxd5 {LiveBook: 6 Games} 11. e4 {D13: Slav Defence: Exchange variation without ...Bf5} (11. Qc2 $11) 11... Ba6 $17 12. Re1 (12. Bg5 $17 {was worth a try.}) 12... Qb6 $19 13. Be3 (13. Qf3 {was called for.}) 13... d4 14. Na4 dxe3 15. Nxb6 $2 {[#]} (15. Rxe3 {is the only way for White.} Qa5 16. Nxc5 Qxc5 17. Rc3) 15... exf2+ {Black is clearly winning.} 16. Kh1 fxe1=Q+ ({Don't take} 16... fxe1=R+ 17. Qxe1 Bxb6 18. Bf3 $19) 17. Qxe1 Bxb6 $146 ({Predecessor:} 17... axb6 18. Bf3 e5 {0-1 (39) Van de Mortel,J (2410)-Loifenfeld,J (2394) Germany 2001}) 18. Bf3 e5 19. Rd1 Rac8 20. a4 Rc2 0-1

[Event "1st Gujarat GM Open 2018"]
[Site "Ahmedabad"]
[Date "2018.10.06"]
[Round "2"]
[White "Sudarshan Bhat"]
[Black "Abu Sufian, Shakil"]
[Result "1/2-1/2"]
[WhiteElo "1840"]
[BlackElo "2247"]
[Annotator "TA"]
[PlyCount "66"]
[EventDate "2018.10.05"]
[EventType "swiss"]
[EventCountry "IND"]
[SourceTitle "playchess.com"]
[Source "ChessBase"]
[SourceQuality "1"]

{[%evp 14,66,-37,-42,-26,-47,-31,-20,-25,-63,-67,-68,-71,-82,-64,-65,-39,-58,-22,-42,-33,-45,-33,-65,-65,-85,-87,-99,-84,-112,-117,-134,0,0,0,0,0,0,0,0,0,0,7,7,7,7,7,6,3,3,4,7,9,9,126]} 1. e4 {[%cal Be2e4,Be4e5][%mdl 32]} c5 2. c3 Nf6 3. e5 Nd5 4. d4 cxd4 5. Nf3 Nc6 6. cxd4 d6 7. a3 dxe5 {B22: Sicilian: 2 c3} (7... g6 8. Bc4 Nb6 9. Ba2 Bg7 10. Ng5 O-O 11. e6 fxe6 12. Bxe6+ Kh8 13. d5 Nd4 14. Be3 Nxe6 15. dxe6 {0-1 (23) Nielsen,R (2337)-Narayanan,S (2549) Sandavagur 2018}) 8. dxe5 {LiveBook: 3 Games} Bg4 9. Be2 e6 {Black is slightly better.} 10. O-O Be7 11. Nc3 $146 ({Predecessor:} 11. Re1 O-O 12. Bd2 Qb6 13. Nc3 Rad8 14. Qc1 Rd7 15. b4 Rc8 {0-1 (23) Terryn,E (1987)-Pangilinan,S (2183) Tarvisio 2017}) 11... Nxc3 12. bxc3 O-O 13. Bf4 Qxd1 14. Rfxd1 Rfd8 15. a4 Na5 16. h3 Bh5 {[%cal Bg4h5,Bh5g6,Bg6e4][%mdl 32]} 17. g4 Bg6 18. Nd4 a6 19. Be3 Rac8 20. f4 {[#] White wants to play f5.} Be4 $1 ({But not} 20... Rxc3 $6 21. Bd2 $11) 21. Rdc1 Nc4 22. Bf2 Ba3 (22... g5 $17 23. Bxc4 Rxc4) 23. Re1 $1 $11 {aiming for Bxc4.The position is equal.} Bb2 24. Bxc4 $1 Rxc4 25. Ra2 $1 {[%cal Ra2b2]} Bxc3 26. Rxe4 {Threatens to win with Rc2.} Bxd4 27. Kg2 {Hoping for Rd2.} f5 28. exf6 $1 gxf6 29. Rd2 {[%cal Re4d4]} e5 30. fxe5 fxe5 {[#]} 31. Rxe5 $1 {[%mdl 512]} Bxe5 32. Rxd8+ Kf7 33. Rd7+ Ke8 {Precision: White = 64%, Black = 67%.} (33... Kg6 $11) 1/2-1/2